LEADER 01321nam--2200421---450- 001 990001696290203316 005 20050621144259.0 035 $a000169629 035 $aUSA01000169629 035 $a(ALEPH)000169629USA01 035 $a000169629 100 $a20040525d1961----km-y0itay0103----ba 101 0 $aita 102 $aIT 105 $a||||||||001yy 200 1 $a<> dialettica dell'astratto e del concreto nel Capitale di Marx$eEval'd Vasilevic Il'enkov$f[trad. V. Strada, A. Sandretti.] 210 $aMilano$cG. Feltrinelli$d1961 215 $aLIX, 246 p.$d23 cm 225 2 $aSaggi 410 0$12001$aSaggi 454 1$12001 606 0 $aKapital 676 $a335.4 700 1$aILENKOV,$bEvald Vasilevic$0121005 702 1$aSTRADA,$bVittorio 702 1$aSANDRETTI,$bAlberto 801 0$aIT$bsalbc$gISBD 912 $a990001696290203316 951 $aII.1.D. 2186(IV C 482)$b12370 L.M.$cIV C 951 $aII.1.D. 2186b(IV C 483)$b20806 LM$cIV C 951 $aII.1.D. 2186b(IV C 484)$b22216 LM$cIV C 959 $aBK 969 $aUMA 979 $aSIAV1$b10$c20040525$lUSA01$h1430 979 $aCOPAT5$b90$c20050621$lUSA01$h1438 979 $aCOPAT5$b90$c20050621$lUSA01$h1443 996 $aDialettica dell'astratto e del concreto nel capitale di Marx$992244 997 $aUNISA LEADER 02077nam 2200505Ia 450 001 996386582403316 005 20220203203219.0 035 $a(CKB)4940000000081088 035 $a(EEBO)2240876433 035 $a(OCoLC)ocm13648545e 035 $a(OCoLC)13648545 035 $a(EXLCZ)994940000000081088 100 $a19860527d1700 uy | 101 0 $aeng 135 $aurbn#|||a|bb| 200 10$aDe successionibus apud Anglos, or, A treatise of hereditary descents, shewing the rise, progress and successive alterations thereof$b[electronic resource] $eand also the laws of descent as they are now in use : wth a scheme of pedigrees and the degrees of parentage and consanguinity 210 $aLondon $cPrinted and are to be sold by Robert Battersby ...$d1700 215 $a[8], 104 p., [1] folded leaf of plates $cgeneal. table 300 $aWritten by Sir Matthew Hale. Cf. BM. 300 $aDedication and "To the reader" signed: B.S. [i.e. Sir Bartholomew Shower] Cf. NUC pre-1956. 300 $aReproduction of original in Huntington Library. 330 $aeebo-0113 606 $aInheritance and succession$zEngland$vEarly works to 1800 606 $aInheritance and succession$vEarly works to 1800 606 $aLand tenure$zEngland$vEarly works to 1800 606 $aLand tenure$vEarly works to 1800 606 $aPrimogeniture$zEngland$vEarly works to 1800 606 $aPrimogeniture$vEarly works to 1800 615 0$aInheritance and succession 615 0$aInheritance and succession 615 0$aLand tenure 615 0$aLand tenure 615 0$aPrimogeniture 615 0$aPrimogeniture 700 $aHale$b Matthew$f1609-1676.$0626826 701 $aShower$b Bartholomew$cSir,$f1658-1701.$01002852 801 0$bEAA 801 1$bEAA 801 2$bm/c 801 2$bOCL 801 2$bWaOLN 906 $aBOOK 912 $a996386582403316 996 $aDe successionibus apud Anglos, or, A treatise of hereditary descents, shewing the rise, progress and successive alterations thereof$92329467 997 $aUNISA